<?xml version="1.0" encoding="UTF-8"?><?xml-stylesheet type="text/xsl" href="static/style.xsl"?><OAI-PMH xmlns="http://www.openarchives.org/OAI/2.0/" xmlns:xsi="http://www.w3.org/2001/XMLSchema-instance" xsi:schemaLocation="http://www.openarchives.org/OAI/2.0/ http://www.openarchives.org/OAI/2.0/OAI-PMH.xsd"><responseDate>2026-04-13T00:57:26Z</responseDate><request verb="GetRecord" identifier="oai:www.recercat.cat:11351/13043" metadataPrefix="marc">https://recercat.cat/oai/request</request><GetRecord><record><header><identifier>oai:recercat.cat:11351/13043</identifier><datestamp>2025-10-24T10:38:18Z</datestamp><setSpec>com_2072_378070</setSpec><setSpec>com_2072_378040</setSpec><setSpec>col_2072_378092</setSpec></header><metadata><record xmlns="http://www.loc.gov/MARC21/slim" xmlns:dcterms="http://purl.org/dc/terms/" xmlns:xsi="http://www.w3.org/2001/XMLSchema-instance" xmlns:doc="http://www.lyncode.com/xoai" xsi:schemaLocation="http://www.loc.gov/MARC21/slim http://www.loc.gov/standards/marcxml/schema/MARC21slim.xsd">
   <leader>00925njm 22002777a 4500</leader>
   <datafield ind2=" " ind1=" " tag="042">
      <subfield code="a">dc</subfield>
   </datafield>
   <datafield ind2=" " ind1=" " tag="720">
      <subfield code="a">Blønd, Lars</subfield>
      <subfield code="e">author</subfield>
   </datafield>
   <datafield ind2=" " ind1=" " tag="720">
      <subfield code="a">Askenberger, Marie</subfield>
      <subfield code="e">author</subfield>
   </datafield>
   <datafield ind2=" " ind1=" " tag="720">
      <subfield code="a">Stephen, Joanna</subfield>
      <subfield code="e">author</subfield>
   </datafield>
   <datafield ind2=" " ind1=" " tag="720">
      <subfield code="a">akmeşe, ramazan</subfield>
      <subfield code="e">author</subfield>
   </datafield>
   <datafield ind2=" " ind1=" " tag="720">
      <subfield code="a">Balcarek, Peter</subfield>
      <subfield code="e">author</subfield>
   </datafield>
   <datafield ind2=" " ind1=" " tag="720">
      <subfield code="a">El Attal, Rene</subfield>
      <subfield code="e">author</subfield>
   </datafield>
   <datafield ind2=" " ind1=" " tag="720">
      <subfield code="a">Minguell-Monyart, Joan</subfield>
      <subfield code="e">author</subfield>
   </datafield>
   <datafield ind2=" " ind1=" " tag="260">
      <subfield code="c">2025-05-07T06:01:36Z</subfield>
   </datafield>
   <datafield ind2=" " ind1=" " tag="260">
      <subfield code="c">2025-05-07T06:01:36Z</subfield>
   </datafield>
   <datafield ind2=" " ind1=" " tag="260">
      <subfield code="c">2025-05</subfield>
   </datafield>
   <datafield ind2=" " ind1=" " tag="520">
      <subfield code="a">First‐time patellar dislocation; Osteochondral lesion; Patellar instability</subfield>
   </datafield>
   <datafield ind2=" " ind1=" " tag="520">
      <subfield code="a">Primera luxació de ròtula; Lesió osteocondral; Inestabilitat rotuliana</subfield>
   </datafield>
   <datafield ind2=" " ind1=" " tag="520">
      <subfield code="a">Primera luxación de rótula; Lesión osteocondral; Inestabilidad rotuliana</subfield>
   </datafield>
   <datafield ind2=" " ind1=" " tag="520">
      <subfield code="a">Purpose: To provide recommendations for the treatment of patients with first-time patellar dislocation (FTPD). Part I focused on clinical presentation, symptoms, diagnosis, evaluation and imaging.&#xd;
Methods: Fifty-four orthopaedic surgeons and one physiotherapist from 20 countries across Europe were involved in the consensus, which was the FTPD. The consensus was performed according to the European Society for Sports Traumatology, Knee Surgery and Arthroscopy consensus methodology. The steering group designed the questions and prepared the statements based on the experience of the experts and the evidence in the literature. The statements were evaluated by the ratings of the peer-review groups before a final consensus was released.&#xd;
Results: The consensus consists of 32 questions and statements, 13 of which will be reviewed in Part 1 of the review. There is an inverse correlation between the intensity of trauma leading to FTPD and the underlying pathoanatomic risk factors, meaning that low trauma intensity usually indicates more severe underlying abnormalities. In addition to the clinical investigation, patient age, family history, bilateral symptoms of instability and injury mechanism should be evaluated. However, reliance can be placed not only on clinical examination but also on magnetic resonance imaging scans as soon as possible, which are considered mandatory for evaluating predisposing factors such as trochlear dysplasia and patella alta and for detecting osteochondral lesions, with the exception of asymptomatic patients. Importantly, it must be recognized that in addition to recurrent instability, which affects approximately 25% of patients, a variety of symptoms are experienced by 50% of patients, such as pain, swelling, giving way, functional and psychological limitations, and a reduction in sports participation, all of which reduce their quality of life. The complications after medial patellofemoral ligament reconstruction in patients with FTPD have not yet been established; however, we know from cohorts of heterogeneous patients that the most common complications are patellofemoral pain, a reduced range of motion and patellar fracture. In total, there were 13 statements that were all accepted and achieved, 6 with strong agreements and 7 with relative agreements. The general median agreement was 8 (range 7-9). None were graded A, two were graded B, seven were graded C and 4 were graded D.&#xd;
Conclusion: In relation to the management of patients with first-time patellar luxation, we have worked with 13 questions and based on these we have achieved consensus on 13 statements.&#xd;
Level of evidence: Level I, consensus.</subfield>
   </datafield>
   <datafield ind2=" " ind1=" " tag="520">
      <subfield code="a">European Society for Sports Traumatology, Knee Surgery and Arthroscopy (ESSKA)</subfield>
   </datafield>
   <datafield ind1="8" ind2=" " tag="024">
      <subfield code="a">http://hdl.handle.net/11351/13043</subfield>
   </datafield>
   <datafield tag="653" ind2=" " ind1=" ">
      <subfield code="a">Decisió, Presa de</subfield>
   </datafield>
   <datafield tag="653" ind2=" " ind1=" ">
      <subfield code="a">Ròtula - Luxació - Tractament</subfield>
   </datafield>
   <datafield tag="653" ind2=" " ind1=" ">
      <subfield code="a">DISEASES::Wounds and Injuries::Joint Dislocations::Wounds and Injuries::Patellar Dislocation</subfield>
   </datafield>
   <datafield tag="653" ind2=" " ind1=" ">
      <subfield code="a">Other subheadings::Other subheadings::/therapy</subfield>
   </datafield>
   <datafield tag="653" ind2=" " ind1=" ">
      <subfield code="a">PSYCHIATRY AND PSYCHOLOGY::Behavior and Behavior Mechanisms::Psychology, Social::Group Processes::Consensus</subfield>
   </datafield>
   <datafield tag="653" ind2=" " ind1=" ">
      <subfield code="a">DISEASES::Musculoskeletal Diseases::Joint Diseases::Joint Instability</subfield>
   </datafield>
   <datafield tag="653" ind2=" " ind1=" ">
      <subfield code="a">ENFERMEDADES::heridas y lesiones::luxaciones articulares::heridas y lesiones::luxación de la rótula</subfield>
   </datafield>
   <datafield tag="653" ind2=" " ind1=" ">
      <subfield code="a">Otros calificadores::Otros calificadores::/terapia</subfield>
   </datafield>
   <datafield tag="653" ind2=" " ind1=" ">
      <subfield code="a">PSIQUIATRÍA Y PSICOLOGÍA::conducta y mecanismos de la conducta::psicología social::procesos de grupo::consenso</subfield>
   </datafield>
   <datafield tag="653" ind2=" " ind1=" ">
      <subfield code="a">ENFERMEDADES::enfermedades musculoesqueléticas::artropatías::inestabilidad articular</subfield>
   </datafield>
   <datafield ind2="0" ind1="0" tag="245">
      <subfield code="a">Management of first-time patellar dislocation: The ESSKA 2024 formal consensus—Part 1</subfield>
   </datafield>
</record></metadata></record></GetRecord></OAI-PMH>